[Event "Junior Online 4NCL Division 2"]
[Site "online"]
[Date "2020.08.20"]
[Round "1.157"]
[White "Zhao, Wenyi"]
[Black "Sinha, Aarav"]
[Result "1-0"]
[WhiteElo "1540"]
[BlackElo "1217"]
[PlyCount "91"]
[EventDate "2020.08.20"]
[WhiteTeam "KJCA Young Kestrels E"]
[BlackTeam "Leicestershire Juniors 2"]

1. d4 d5 2. c4 dxc4 3. e3 Be6 4. Nc3 Nc6 5. d5 Bxd5 6. Nxd5 e6 7. Nc3 Qxd1+ 8.
Nxd1 O-O-O 9. Bxc4 Bb4+ 10. Ke2 Ne5 11. a3 Bc5 12. b4 Bb6 13. Bb3 Nf6 14. Bb2
Nd3 15. Bc3 Nh5 16. Nf3 f5 17. Bd4 Bxd4 18. Nxd4 f4 19. Bxe6+ Kb8 20. Kxd3 fxe3
21. f3 Nf4+ 22. Kxe3 Nxg2+ 23. Kf2 Nf4 24. Ke3 Nxe6 25. Nxe6 Rhe8 26. Re1 Rxe6+
27. Kf2 Rd2+ 28. Kf1 Rxe1+ 29. Kxe1 Rxh2 30. Nf2 b6 31. Rd1 Kb7 32. Rd7 Kc6 33.
Rxg7 h5 34. Rg3 h4 35. Rh3 Rg2 36. Rxh4 Rg1+ 37. Ke2 Ra1 38. Rc4+ Kb7 39. Rc3
Ra2+ 40. Ke3 a5 41. bxa5 bxa5 42. Rb3+ Ka6 43. f4 Ra1 44. Nd3 Rh1 45. Ke4 Rh3
46. Nc5+ 1-0

[Event "Junior Online 4NCL Division 2"]
[Site "online"]
[Date "2020.08.20"]
[Round "1.158"]
[White "Shen, Alex"]
[Black "Shkuratovskyi, Makariy"]
[Result "0-1"]
[WhiteElo "1195"]
[BlackElo "1375"]
[PlyCount "44"]
[EventDate "2020.08.20"]
[WhiteTeam "Leicestershire Juniors 2"]
[BlackTeam "KJCA Young Kestrels E"]

1. e4 c5 2. Nf3 d6 3. d4 cxd4 4. Nxd4 Nf6 5. Bf4 e5 6. Bg5 exd4 7. Bxf6 Qxf6 8.
Bb5+ Bd7 9. Bxd7+ Nxd7 10. O-O d3 11. Qxd3 Qxb2 12. Nc3 Qb6 13. Rab1 Qc6 14.
Rfe1 Rc8 15. Ne2 Qxc2 16. Rbc1 Qxd3 17. Rxc8+ Ke7 18. Rc7 Qb5 19. Nd4 Qb6 20.
Rec1 Qxd4 21. Rxb7 Qxe4 22. Rcc7 Qe1# 0-1

[Event "Junior Online 4NCL Division 2"]
[Site "online"]
[Date "2020.08.20"]
[Round "1.161"]
[White "Chen, Olivia"]
[Black "Munshi, Aryan"]
[Result "0-1"]
[WhiteElo "1375"]
[BlackElo "1403"]
[PlyCount "56"]
[EventDate "2020.08.20"]
[WhiteTeam "Warwickshire Bears E"]
[BlackTeam "Phones Juniors A"]

1. d4 Nf6 2. Bf4 g6 3. e3 Bg7 4. c3 d6 5. Nf3 Nbd7 6. Nbd2 O-O 7. Bd3 Re8 8.
O-O Nh5 9. e4 Nxf4 10. Re1 Nxd3 11. Rf1 Nf4 12. Qb3 Nb6 13. Ng5 d5 14. exd5
Qxd5 15. Qxd5 Nfxd5 16. Rfe1 Bh6 17. Ngf3 Bxd2 18. Nxd2 Bd7 19. c4 Nf6 20. Nb3
c6 21. Rac1 Rac8 22. Nc5 Rc7 23. h3 Bc8 24. a4 Nbd7 25. Nd3 c5 26. dxc5 Nxc5
27. Ne5 Be6 28. b4 Nxa4 0-1

[Event "Junior Online 4NCL Division 2"]
[Site "online"]
[Date "2020.08.20"]
[Round "1.162"]
[White "Sharan, Kartike"]
[Black "Vaidyanathan, Sathya"]
[Result "1-0"]
[WhiteElo "1141"]
[BlackElo "1285"]
[PlyCount "111"]
[EventDate "2020.08.20"]
[WhiteTeam "Phones Juniors A"]
[BlackTeam "Warwickshire Bears E"]

1. e4 e5 2. Nf3 Nc6 3. Bc4 Bc5 4. Nc3 Nf6 5. d3 h6 6. Be3 Nd4 7. Bxd4 Bxd4 8.
Nxd4 exd4 9. Ne2 c5 10. Ng3 d6 11. O-O O-O 12. f4 d5 13. exd5 Nxd5 14. Bxd5
Qxd5 15. f5 f6 16. Qg4 Bd7 17. Nh5 Rf7 18. Rf3 Re8 19. Rg3 Ree7 20. Qg6 Bxf5
21. Nxf6+ Rxf6 22. Qxf6 Qf7 23. Qxh6 Kf8 24. Qh8+ Qg8 25. Qxg8+ Kxg8 26. Rf1
Bh7 27. Rgf3 Re8 28. Rf7 b6 29. Rxa7 Bg6 30. Rf3 Re2 31. Rg3 Kh7 32. Rh3+ Kg8
33. Ra8+ Kf7 34. Rf3+ Ke7 35. Ra6 Rxc2 36. Rxb6 Rc1+ 37. Kf2 Rc2+ 38. Kg3 c4
39. Rxg6 Rxb2 40. Rxg7+ Ke6 41. dxc4 Rxa2 42. Rg6+ Ke5 43. Rg5+ Ke6 44. Rd3 Kf6
45. Rd5 Ra4 46. R5xd4 Ke6 47. Re3+ Kf5 48. Rf4+ Kg5 49. h4+ Kg6 50. Ref3 Kg7
51. Rg4+ Kh6 52. Rf8 Kh7 53. Rfg8 Ra3+ 54. Kh2 Rh3+ 55. Kxh3 Kh6 56. Rh8# 1-0

[Event "Junior Online 4NCL Division 2"]
[Site "online"]
[Date "2020.08.20"]
[Round "1.163"]
[White "Madoc, Arthur"]
[Black "Vadalia, Jainill"]
[Result "0-1"]
[WhiteElo "1285"]
[BlackElo "1140"]
[PlyCount "32"]
[EventDate "2020.08.20"]
[WhiteTeam "Warwickshire Bears E"]
[BlackTeam "Phones Juniors A"]

1. e4 e5 2. Bc4 Nc6 3. Nc3 Bc5 4. Nf3 Nf6 5. O-O d6 6. h3 Be6 7. Bb3 O-O 8. d3
h6 9. Be3 Bb6 10. Nd5 Re8 11. Qe2 Bxd5 12. Bxd5 Nxd5 13. exd5 Nd4 14. Nxd4 exd4
15. Qd2 dxe3 16. fxe3 Bxe3+ 0-1

[Event "Junior Online 4NCL Division 2"]
[Site "online"]
[Date "2020.08.20"]
[Round "1.164"]
[White "Lukhi, Neev"]
[Black "Walker, Jamie"]
[Result "1-0"]
[WhiteElo "1003"]
[BlackElo "1330"]
[PlyCount "79"]
[EventDate "2020.08.20"]
[WhiteTeam "Phones Juniors A"]
[BlackTeam "Warwickshire Bears E"]

1. e4 e5 2. Nf3 Nc6 3. Bc4 Bc5 4. O-O Nf6 5. d3 d6 6. h3 Be6 7. Bb3 Nd4 8. Nxd4
Bxd4 9. c3 Bc5 10. Bg5 a5 11. d4 exd4 12. cxd4 Bb6 13. Nc3 c6 14. d5 Bd7 15.
Re1 O-O 16. Na4 Ba7 17. dxc6 Bxc6 18. Nc3 d5 19. e5 Bxf2+ 20. Kxf2 Qb6+ 21. Be3
d4 22. Bxd4 Ne4+ 23. Nxe4 Qd8 24. Be3 Qh4+ 25. Ng3 Rae8 26. Qd4 Qe7 27. Nf5 Qc7
28. Qb6 Qxe5 29. Ng3 Qxb2+ 30. Ne2 Qf6+ 31. Kg1 Qg6 32. Nf4 Qg3 33. Qd4 g5 34.
Bf2 Rxe1+ 35. Rxe1 Qxf4 36. Qxf4 gxf4 37. Re7 Kh8 38. Rxf7 Rg8 39. Bd4+ Rg7 40.
Rf8# 1-0

[Event "Junior Online 4NCL Division 2"]
[Site "online"]
[Date "2020.08.20"]
[Round "1.165"]
[White "Munshi, Aryan"]
[Black "Chen, Olivia"]
[Result "1-0"]
[WhiteElo "1403"]
[BlackElo "1375"]
[PlyCount "45"]
[EventDate "2020.08.20"]
[WhiteTeam "Phones Juniors A"]
[BlackTeam "Warwickshire Bears E"]

1. d4 e6 2. c4 d5 3. Nc3 Nf6 4. Nf3 c5 5. e3 Nc6 6. cxd5 exd5 7. Be2 Bd6 8. O-O
c4 9. b3 b5 10. Nxb5 Bc7 11. Nxc7+ Qxc7 12. bxc4 dxc4 13. Bxc4 O-O 14. Bd3 Rb8
15. Ba3 Re8 16. Rb1 Bg4 17. Rxb8 Rxb8 18. h3 Bh5 19. Be2 Qa5 20. Qd3 Bg6 21.
Qa6 Qd5 22. Bc4 Qd6 23. Bxd6 1-0

[Event "Junior Online 4NCL Division 2"]
[Site "online"]
[Date "2020.08.20"]
[Round "1.166"]
[White "Vaidyanathan, Sathya"]
[Black "Sharan, Kartike"]
[Result "0-1"]
[WhiteElo "1285"]
[BlackElo "1141"]
[PlyCount "88"]
[EventDate "2020.08.20"]
[WhiteTeam "Warwickshire Bears E"]
[BlackTeam "Phones Juniors A"]

1. e4 e5 2. Nf3 Nc6 3. Bc4 Bc5 4. Nc3 d6 5. h3 Be6 6. Bxe6 fxe6 7. d3 Nf6 8.
O-O O-O 9. Bg5 h6 10. Bh4 Nd4 11. Nxd4 Bxd4 12. a3 Qe8 13. Qd2 Qg6 14. Bxf6
Rxf6 15. Rab1 Raf8 16. Nd1 Qg3 17. Ne3 Rxf2 18. Rxf2 Rxf2 19. Qxf2 Bxe3 20. Rf1
Bxf2+ 21. Rxf2 Qe3 22. Kf1 Qc1+ 23. Ke2 Qxc2+ 24. Ke3 Qc5+ 25. Ke2 g5 26. g4
Kg7 27. b4 Qc2+ 28. Ke3 Qb3 29. Rd2 Qxa3 30. Ke2 Qxb4 31. Ke3 Qd4+ 32. Ke2 a5
33. Ra2 a4 34. Kd2 a3 35. Rxa3 Qb2+ 36. Ke3 Qxa3 37. Kf3 Qxd3+ 38. Kf2 Qxe4 39.
Kf1 Qc2 40. Ke1 b5 41. Kf1 b4 42. Kg1 b3 43. Kf1 b2 44. Kg1 b1=R# 0-1

[Event "Junior Online 4NCL Division 2"]
[Site "online"]
[Date "2020.08.20"]
[Round "1.167"]
[White "Vadalia, Jainill"]
[Black "Madoc, Arthur"]
[Result "1-0"]
[WhiteElo "1140"]
[BlackElo "1285"]
[PlyCount "47"]
[EventDate "2020.08.20"]
[WhiteTeam "Phones Juniors A"]
[BlackTeam "Warwickshire Bears E"]

1. d4 c5 2. d5 Nf6 3. c4 d6 4. Nc3 Bf5 5. Nf3 g6 6. Nh4 Qd7 7. Nxf5 Qxf5 8. h3
Bg7 9. e3 O-O 10. Bd3 Qc8 11. O-O Nbd7 12. e4 Nb6 13. Be3 e6 14. Re1 exd5 15.
exd5 Re8 16. Qd2 Nbd7 17. Nb5 a6 18. Nxd6 Qd8 19. Nxe8 Qxe8 20. Bg5 Qd8 21. Qf4
Nb6 22. Rad1 Qd7 23. Bxf6 Bxf6 24. Qxf6 1-0

[Event "Junior Online 4NCL Division 2"]
[Site "online"]
[Date "2020.08.20"]
[Round "1.168"]
[White "Walker, Jamie"]
[Black "Lukhi, Neev"]
[Result "0-1"]
[WhiteElo "1330"]
[BlackElo "1003"]
[PlyCount "78"]
[EventDate "2020.08.20"]
[WhiteTeam "Warwickshire Bears E"]
[BlackTeam "Phones Juniors A"]

1. e4 c5 2. c3 Nf6 3. d4 cxd4 4. Qxd4 Nc6 5. Qa4 Qb6 6. Bc4 Ng4 7. Be3 Nxe3 8.
fxe3 Qxe3+ 9. Kd1 a6 10. Qc2 b5 11. Bb3 d6 12. a3 Bg4+ 13. Nf3 Bxf3+ 14. gxf3
Qxf3+ 15. Kd2 Qxh1 16. Ba2 Qxh2+ 17. Kd1 Qxc2+ 18. Kxc2 g6 19. Nd2 Bh6 20. Rf1
Rf8 21. Nf3 a5 22. Nd4 Nxd4+ 23. cxd4 b4 24. Kb3 bxa3 25. bxa3 Rb8+ 26. Kc2 a4
27. Bd5 Rc8+ 28. Kd3 e6 29. Bb7 Rc1 30. Rf2 Ra1 31. Kc4 Rxa3 32. Kb5 Rb3+ 33.
Kc6 Ke7 34. e5 dxe5 35. dxe5 Rb8 36. Ba6 R8b6+ 37. Kc7 Rxa6 38. Rd2 Bxd2 39.
Kc8 Rc6# 0-1

[Event "Junior Online 4NCL Division 2"]
[Site "online"]
[Date "2020.09.17"]
[Round "3.11"]
[White "Purushothaman, Amitesh"]
[Black "Karjodkar, Praneeta"]
[Result "1-0"]
[WhiteElo "1360"]
[BlackElo "1202"]
[PlyCount "87"]
[EventDate "2020.09.17"]
[WhiteTeam "Warwickshire Bears D"]
[BlackTeam "Harrow Juniors D"]

1. d4 d5 2. c4 Nf6 3. cxd5 Qxd5 4. Nc3 Qd8 5. e4 e5 6. d5 Bc5 7. Bg5 h6 8. Bh4
c6 9. Bc4 Bd4 10. Nge2 Bxc3+ 11. Nxc3 Nbd7 12. O-O Nc5 13. h3 b5 14. Be2 b4 15.
Na4 Nxa4 16. Qxa4 O-O 17. Qxc6 Rb8 18. Bxf6 Qxf6 19. Qxf6 gxf6 20. Rac1 Bd7 21.
Rc7 Bc8 22. Rxa7 b3 23. a3 Bb7 24. Ra4 Rbc8 25. Rc4 Rxc4 26. Bxc4 Rc8 27. Bxb3
Rc5 28. Rd1 Rc8 29. Ba4 Rd8 30. Bc2 Ba6 31. Bd3 Bxd3 32. Rxd3 Kg7 33. b4 Rc8
34. Kh2 Kg6 35. d6 Kg5 36. d7 Rd8 37. b5 Kh4 38. b6 h5 39. b7 f5 40. b8=Q Rxb8
41. d8=Q+ Rxd8 42. Rxd8 fxe4 43. Rg8 f5 44. g3# 1-0

[Event "Junior Online 4NCL Division 2"]
[Site "online"]
[Date "2020.09.17"]
[Round "3.12"]
[White "Cann, Arthur"]
[Black "Miller, Kai"]
[Result "0-1"]
[WhiteElo "1172"]
[BlackElo "1382"]
[PlyCount "50"]
[EventDate "2020.09.17"]
[WhiteTeam "Harrow Juniors D"]
[BlackTeam "Warwickshire Bears D"]

1. d4 Nf6 2. c4 g6 3. Nf3 Bg7 4. Bg5 d6 5. e3 Nbd7 6. Bd3 O-O 7. Nc3 Qe8 8. Qd2
e5 9. e4 exd4 10. Nxd4 Nc5 11. Nf3 Ncxe4 12. Nxe4 Nxe4 13. Bxe4 Qxe4+ 14. Qe2
Qxe2+ 15. Kxe2 Re8+ 16. Kd3 Bf5+ 17. Kd2 Bxb2 18. Rab1 Bg7 19. Rxb7 c5 20. Kd1
Rab8 21. Rxa7 f6 22. Bc1 Rb1 23. Ra3 Bh6 24. Rc3 Rd8 25. Rb3 Rxc1+ 0-1

[Event "Junior Online 4NCL Division 2"]
[Site "online"]
[Date "2020.09.17"]
[Round "3.13"]
[White "Kuang, Felix"]
[Black "Evans, Joseph"]
[Result "1-0"]
[WhiteElo "1315"]
[BlackElo "1135"]
[PlyCount "111"]
[EventDate "2020.09.17"]
[WhiteTeam "Warwickshire Bears D"]
[BlackTeam "Harrow Juniors D"]

1. e4 c5 2. Nf3 Nc6 3. Bc4 e6 4. e5 g6 5. Qe2 Bg7 6. d3 Nge7 7. Bf4 O-O 8. Nc3
b6 9. O-O-O Bb7 10. Qe3 Re8 11. Bh6 Nf5 12. Qe2 Bxh6+ 13. Kb1 Bg7 14. g4 Nfe7
15. h4 Qc7 16. Rde1 Nxe5 17. Ne4 Bxe4 18. Qxe4 Nxc4 19. Qxc4 Rab8 20. h5 b5 21.
Qe4 Qc6 22. Qe3 c4 23. h6 Bf6 24. g5 Bh8 25. Ne5 Qc7 26. Qf4 Nf5 27. Qe4 Qb7
28. Qe2 cxd3 29. Nxd3 b4 30. Nc5 Qb5 31. Nd3 b3 32. cxb3 Nd4 33. Qd2 Nxb3 34.
axb3 Qxb3 35. Re3 Bc3 36. Qc1 e5 37. Re2 e4 38. Nc5 Qxb2+ 39. Rxb2 Rxb2+ 40.
Qxb2 Bxb2 41. Kxb2 Rb8+ 42. Ka3 Rc8 43. Nxd7 Rd8 44. Nc5 Rc8 45. Nxe4 Rd8 46.
Nf6+ Kf8 47. Nxh7+ Kg8 48. Nf6+ Kf8 49. h7 Kg7 50. Nd7 Rh8 51. Nf6 a6 52. Ka4
a5 53. Kxa5 Ra8+ 54. Kb6 Rb8+ 55. Kc7 Rb2 56. h8=Q# 1-0

[Event "Junior Online 4NCL Division 2"]
[Site "online"]
[Date "2020.09.17"]
[Round "3.15"]
[White "Karjodkar, Praneeta"]
[Black "Purushothaman, Amitesh"]
[Result "1/2-1/2"]
[WhiteElo "1202"]
[BlackElo "1360"]
[PlyCount "51"]
[EventDate "2020.09.17"]
[WhiteTeam "Harrow Juniors D"]
[BlackTeam "Warwickshire Bears D"]

1. e4 c5 2. Nf3 e6 3. Nc3 Nc6 4. Bc4 Qc7 5. Nb5 Qb8 6. Nc3 a6 7. d3 Nf6 8. Bg5
Be7 9. h3 a5 10. Qd2 h6 11. Bf4 d6 12. Bb5 Bd7 13. O-O O-O 14. Bxc6 Bxc6 15.
Qe3 b5 16. d4 cxd4 17. Nxd4 Bd7 18. Qg3 Nh5 19. Qf3 Nxf4 20. Qxf4 e5 21. Qg3
exd4 22. Nd5 Bd8 23. Nf4 Bg5 24. Nh5 Ra6 25. h4 Qd8 26. hxg5 1/2-1/2

[Event "Junior Online 4NCL Division 2"]
[Site "online"]
[Date "2020.09.17"]
[Round "3.16"]
[White "Miller, Kai"]
[Black "Cann, Arthur"]
[Result "1/2-1/2"]
[WhiteElo "1382"]
[BlackElo "1172"]
[PlyCount "51"]
[EventDate "2020.09.17"]
[WhiteTeam "Warwickshire Bears D"]
[BlackTeam "Harrow Juniors D"]

1. e4 e5 2. Nf3 Nc6 3. Bc4 h6 4. Nc3 Nf6 5. d3 Bc5 6. Be3 Bb6 7. O-O O-O 8. d4
d6 9. h3 Ba5 10. Qd3 Re8 11. Bb5 Bd7 12. dxe5 Nxe5 13. Nxe5 Rxe5 14. Bxd7 Qxd7
15. Bd4 Bxc3 16. Bxc3 Re6 17. Bxf6 gxf6 18. Qg3+ Kf8 19. Qh4 Ke7 20. Rae1 Rh8
21. f4 Kf8 22. e5 fxe5 23. fxe5 Rxe5 24. Qf6 Rh7 25. Rxe5 dxe5 26. Qxe5 1/2-1/2

[Event "Junior Online 4NCL Division 2"]
[Site "online"]
[Date "2020.09.17"]
[Round "3.17"]
[White "Evans, Joseph"]
[Black "Kuang, Felix"]
[Result "1-0"]
[WhiteElo "1135"]
[BlackElo "1315"]
[PlyCount "111"]
[EventDate "2020.09.17"]
[WhiteTeam "Harrow Juniors D"]
[BlackTeam "Warwickshire Bears D"]

1. c4 e5 2. g3 Nf6 3. Bg2 Bc5 4. e3 d6 5. Ne2 Be6 6. b3 O-O 7. Bb2 Qd7 8. O-O
Bh3 9. Nbc3 a5 10. Re1 Re8 11. d4 exd4 12. exd4 Bxg2 13. Kxg2 Bb6 14. Qc2 c5
15. dxc5 Bxc5 16. a3 Nc6 17. Na4 Ba7 18. Bxf6 gxf6 19. c5 dxc5 20. Nxc5 Qd5+
21. f3 Bxc5 22. Nf4 Qd4 23. Rad1 Rxe1 24. Rxd4 Nxd4 25. Qxc5 Nxb3 26. Qc3 Rb1
27. Qc2 Re1 28. Qxb3 Rb8 29. Nd3 Re3 30. Kf2 Rbe8 31. Qc2 R3e6 32. Nf4 Rc6 33.
Qa4 Re5 34. Nd3 Rg5 35. h4 Rh5 36. Qg4+ Kf8 37. Qxh5 Rc2+ 38. Ke3 Rc3 39. Qxa5
Rc6 40. Qa8+ Kg7 41. Qxb7 Re6+ 42. Kf2 Kg6 43. Nf4+ Kf5 44. Nxe6 fxe6 45. Qxh7+
Ke5 46. a4 Kd5 47. a5 Kc6 48. a6 Kb6 49. Qb7+ Kc5 50. a7 f5 51. a8=Q f4 52.
gxf4 e5 53. Qa5+ Kd6 54. Qbb6+ Ke7 55. Qaa7+ Ke8 56. Qbb8# 1-0

[Event "Junior Online 4NCL Division 2"]
[Site "online"]
[Date "2020.09.17"]
[Round "3.21"]
[White "Owladi, Dara"]
[Black "Stapleton, Dean"]
[Result "1-0"]
[WhiteElo "1315"]
[BlackElo "1457"]
[PlyCount "53"]
[EventDate "2020.09.17"]
[WhiteTeam "St Albans Early Knights 3"]
[BlackTeam "Robin Hoods 1"]

1. e4 e5 2. Nc3 Bc5 3. Nf3 Nc6 4. Bc4 d6 5. h3 a6 6. a4 Bd7 7. d3 Nd4 8. Nxd4
Bxd4 9. O-O Qf6 10. Be3 Bxe3 11. fxe3 Qg6 12. Bxf7+ Qxf7 13. Rxf7 Kxf7 14. Qf3+
Ke8 15. Rf1 Nf6 16. d4 c6 17. d5 cxd5 18. exd5 Rf8 19. e4 Ke7 20. Qg3 g6 21.
Qg5 Rf7 22. Ne2 Raf8 23. Ng3 Ke8 24. c4 Nxe4 25. Nxe4 Rxf1+ 26. Kh2 R1f4 27.
Nxd6# 1-0

[Event "Junior Online 4NCL Division 2"]
[Site "online"]
[Date "2020.09.17"]
[Round "3.22"]
[White "Griffin-Young, Sebastian"]
[Black "Vitvitska, Vasylyna"]
[Result "1-0"]
[WhiteElo "1390"]
[BlackElo "1120"]
[PlyCount "79"]
[EventDate "2020.09.17"]
[WhiteTeam "Robin Hoods 1"]
[BlackTeam "St Albans Early Knights 3"]

1. d4 d5 2. Bf4 Bf5 3. Nf3 Nc6 4. e3 a6 5. Bd3 Bg6 6. c3 Nf6 7. Qc2 Be4 8. Ng5
Bxg2 9. Rg1 Be4 10. Nxe4 dxe4 11. Bxe4 Qd7 12. Bf5 Qd8 13. e4 e6 14. Bh3 g6 15.
Bg5 Bg7 16. e5 Qe7 17. exf6 Bxf6 18. Bxf6 Qxf6 19. Nd2 O-O-O 20. O-O-O Qxf2 21.
Rdf1 Qxh2 22. Rh1 Qd6 23. Rxf7 Rdf8 24. Rhf1 Qd8 25. Bxe6+ Kb8 26. Rxf8 Rxf8
27. Rxf8 Qxf8 28. d5 Nd8 29. Ne4 Nxe6 30. dxe6 Qe7 31. Nc5 Qxc5 32. Qe2 Qg1+
33. Kc2 Qc5 34. e7 Qe5 35. Qxe5 b5 36. e8=Q+ Kb7 37. Qd5+ Kb6 38. Qec6+ Ka5 39.
b4+ Ka4 40. Qb3# 1-0

[Event "Junior Online 4NCL Division 2"]
[Site "online"]
[Date "2020.09.17"]
[Round "3.23"]
[White "Jardzioch, Ernest"]
[Black "Wood, Ethan"]
[Result "1-0"]
[WhiteElo "992"]
[BlackElo "1375"]
[PlyCount "73"]
[EventDate "2020.09.17"]
[WhiteTeam "St Albans Early Knights 3"]
[BlackTeam "Robin Hoods 1"]

1. e4 e5 2. Nf3 Nc6 3. Bb5 d6 4. O-O Nf6 5. Nc3 Bd7 6. Bxc6 Bxc6 7. d3 Be7 8.
b4 O-O 9. b5 Bd7 10. a4 a5 11. Nd5 b6 12. Nxe7+ Qxe7 13. Be3 c5 14. bxc6 Bxc6
15. Bxb6 Rfb8 16. Be3 Re8 17. Re1 Qd7 18. c4 Rab8 19. Bd2 h6 20. Bxa5 Ra8 21.
Bc3 Bxa4 22. Qd2 Reb8 23. Reb1 Ng4 24. Rxb8+ Rxb8 25. h3 Nf6 26. d4 Nxe4 27.
Qe3 Nxc3 28. Qxc3 e4 29. Nd2 d5 30. Qa5 Bc6 31. cxd5 Bxd5 32. Qa7 Qxa7 33. Rxa7
Rb1+ 34. Nxb1 Be6 35. Nc3 Bc4 36. Rc7 Bd3 37. d5 1-0

[Event "Junior Online 4NCL Division 2"]
[Site "online"]
[Date "2020.09.17"]
[Round "3.25"]
[White "Stapleton, Dean"]
[Black "Owladi, Dara"]
[Result "1-0"]
[WhiteElo "1457"]
[BlackElo "1315"]
[PlyCount "93"]
[EventDate "2020.09.17"]
[WhiteTeam "Robin Hoods 1"]
[BlackTeam "St Albans Early Knights 3"]

1. d4 d5 2. Nc3 Nf6 3. Bf4 a6 4. e3 Bf5 5. Bd3 Bxd3 6. Qxd3 Nc6 7. a3 e6 8.
Nge2 Bd6 9. Bg5 Be7 10. f3 h6 11. Bh4 g5 12. Bg3 Qd7 13. O-O-O O-O-O 14. Na4
Bd6 15. Be1 Qe7 16. Bg3 Na5 17. Bxd6 Qxd6 18. Nec3 Nc4 19. Nb1 Nd7 20. Rhe1
Ndb6 21. Nac3 Qc6 22. e4 Rhe8 23. e5 Na4 24. Nxa4 Qxa4 25. b3 Qc6 26. bxc4 dxc4
27. Qc3 Rd5 28. Nd2 b5 29. Nb1 Kd7 30. Kd2 Ke7 31. Ke2 Red8 32. Kf1 Qb6 33. Re4
c5 34. f4 cxd4 35. Qf3 d3 36. cxd3 cxd3 37. Nc3 Rd4 38. Rxd4 Qxd4 39. Ne4 gxf4
40. Qxf4 Qc4 41. Qf6+ Kf8 42. Qh8+ Ke7 43. Qf6+ Ke8 44. Nd6+ Rxd6 45. exd6 d2+
46. Kg1 Qc1 47. Qe7# 1-0

[Event "Junior Online 4NCL Division 2"]
[Site "online"]
[Date "2020.09.17"]
[Round "3.26"]
[White "Vitvitska, Vasylyna"]
[Black "Griffin-Young, Sebastian"]
[Result "0-1"]
[WhiteElo "1120"]
[BlackElo "1390"]
[PlyCount "98"]
[EventDate "2020.09.17"]
[WhiteTeam "St Albans Early Knights 3"]
[BlackTeam "Robin Hoods 1"]

1. e4 e5 2. Nf3 Nc6 3. Bc4 Nf6 4. Nc3 Be7 5. a3 O-O 6. O-O d6 7. h3 Be6 8. d3
Qd7 9. Bxe6 fxe6 10. Be3 d5 11. Bg5 h6 12. Bh4 g5 13. Bxg5 hxg5 14. Nxg5 d4 15.
Ne2 Nh5 16. Nxd4 Bxg5 17. Qxh5 Nxd4 18. Qxg5+ Qg7 19. Qxg7+ Kxg7 20. c3 Nb3 21.
Rad1 Rad8 22. Rfe1 Rd6 23. Re3 Rfd8 24. Rg3+ Kf7 25. Rf3+ Ke7 26. g4 c5 27. g5
c4 28. Kg2 cxd3 29. Kg3 Nc5 30. Re3 d2 31. h4 Na4 32. f3 Nxb2 33. Rh1 d1=Q 34.
Rxd1 Rxd1 35. h5 Kf7 36. g6+ Kg7 37. f4 exf4+ 38. Kxf4 Rf8+ 39. Kg5 Rg1+ 40.
Kh4 Rf4+ 41. Kh3 Rg5 42. Re2 Nd1 43. Re1 Nxc3 44. Re3 Nxe4 45. Rb3 Rxh5+ 46.
Kg2 b6 47. Rb1 Rg5+ 48. Kh3 Nf2+ 49. Kh2 Rh4# 0-1

[Event "Junior Online 4NCL Division 2"]
[Site "online"]
[Date "2020.09.17"]
[Round "3.27"]
[White "Wood, Ethan"]
[Black "Jardzioch, Ernest"]
[Result "0-1"]
[WhiteElo "1375"]
[BlackElo "992"]
[PlyCount "80"]
[EventDate "2020.09.17"]
[WhiteTeam "Robin Hoods 1"]
[BlackTeam "St Albans Early Knights 3"]

1. e4 e5 2. Nc3 Nc6 3. Nf3 Nf6 4. Bc4 Bc5 5. O-O O-O 6. d3 d6 7. Bg5 h6 8. Bxf6
Qxf6 9. a4 Bg4 10. b3 Nd4 11. Nd5 Qg6 12. Ne7+ Kh8 13. Nxg6+ fxg6 14. Qd2 Bxf3
15. g3 Ne2+ 16. Qxe2 Bxe2 17. Rfe1 Bd4 18. Rac1 Bxf2+ 19. Kg2 Bxe1 20. Rxe1
Bf3+ 21. Kg1 c6 22. b4 d5 23. exd5 cxd5 24. Bb3 Rae8 25. a5 Rf5 26. Ba4 Re7 27.
h3 h5 28. g4 hxg4 29. hxg4 Bxg4 30. c4 dxc4 31. dxc4 e4 32. c5 e3 33. Bc2 Rf2
34. b5 Re6 35. Bb3 Ref6 36. Bd5 e2 37. Bxb7 Rf1+ 38. Rxf1 exf1=Q+ 39. Kh2 Qh3+
40. Kg1 Rf1# 0-1

[Event "Junior Online 4NCL Division 2"]
[Site "online"]
[Date "2020.09.17"]
[Round "3.28"]
[White "Saporenkova, Rita"]
[Black "Pitts, Daniel"]
[Result "0-1"]
[WhiteElo "977"]
[BlackElo "1352"]
[PlyCount "110"]
[EventDate "2020.09.17"]
[WhiteTeam "St Albans Early Knights 3"]
[BlackTeam "Robin Hoods 1"]

1. e4 e5 2. Bc4 Nf6 3. d3 Bc5 4. Nf3 h6 5. O-O Nc6 6. Nc3 d6 7. a3 Bg4 8. b4
Bb6 9. h3 Bh5 10. g4 Bg6 11. Nh4 Bh7 12. Nd5 Nxd5 13. Bxd5 Qxh4 14. Qf3 O-O 15.
c3 a5 16. bxa5 Nxa5 17. d4 c6 18. Ba2 exd4 19. cxd4 Bxd4 20. Rb1 d5 21. Rb4
Bxe4 22. Qf4 Bc5 23. Ra4 Qxh3 24. Rxe4 dxe4 25. Bb2 e3 26. fxe3 Bxe3+ 27. Qxe3
Qxe3+ 28. Rf2 Qg3+ 29. Rg2 Qe1+ 30. Kh2 h5 31. gxh5 Qh4+ 32. Kg1 Kh7 33. Bb1+
Kh6 34. Bc1+ Kxh5 35. Bc2 Qe1+ 36. Kh2 Qxc1 37. a4 Rh8 38. Kg3 Qe3+ 39. Kh2
Qf4+ 40. Kh3 f5 41. Re2 Qf3+ 42. Kh2 Qxe2+ 43. Kg3 Qxc2 44. Kf3 Qd3+ 45. Kf4
Qe4+ 46. Kg3 f4+ 47. Kf2 Qe3+ 48. Kg2 Qg3+ 49. Kf1 Qf3+ 50. Ke1 Qg2 51. Kd1 Qf2
52. Kc1 Qe2 53. Kb1 Qd2 54. Ka1 Kg4 55. Kb1 Rh1# 0-1

[Event "Junior Online 4NCL Division 2"]
[Site "online"]
[Date "2020.09.17"]
[Round "3.31"]
[White "Madhavan, Sanjith"]
[Black "Shah, Rahul"]
[Result "1-0"]
[WhiteElo "1466"]
[BlackElo "1502"]
[PlyCount "157"]
[EventDate "2020.09.17"]
[WhiteTeam "East Kilbride Knights"]
[BlackTeam "May The Fork Be With You 2"]

1. e4 c5 2. Nf3 d6 3. d4 cxd4 4. Nxd4 Nf6 5. Nc3 g6 6. g3 Bg7 7. Bg2 O-O 8. O-O
Qb6 9. Nde2 Nc6 10. Rb1 Be6 11. Be3 Qa5 12. a3 b5 13. e5 Nxe5 14. Bxa8 Rxa8 15.
Nd4 Bd5 16. Nxd5 Nxd5 17. f4 Nxe3 18. Qe2 Nxf1 19. fxe5 Bxe5 20. Nf3 Nxg3 21.
hxg3 Bxg3 22. Kg2 Be5 23. Nxe5 dxe5 24. Rf1 f6 25. Rd1 Rc8 26. Qd3 Qc7 27. c3
Qc6+ 28. Kh2 a6 29. Qh3 Qc7 30. Rd7 Qc5 31. Qe6+ Kf8 32. Rd2 Qc6 33. Rd8+ Rxd8
34. Qxc6 Rd2+ 35. Kg3 Rd3+ 36. Kf2 Rd2+ 37. Ke3 Rxb2 38. Qxa6 Kf7 39. Kd3 f5
40. a4 e4+ 41. Ke3 bxa4 42. Qxa4 h5 43. c4 h4 44. c5 h3 45. Qc4+ Kf8 46. c6 Rb8
47. Qc3 h2 48. Qh8+ Kf7 49. Qxh2 Rb3+ 50. Kf4 Rf3+ 51. Ke5 Rc3 52. Qh7+ Ke8 53.
Qxg6+ Kd8 54. Qe6 Rc5+ 55. Kf4 Kc7 56. Qd7+ Kb6 57. Qb7+ Ka5 58. c7 e3 59. c8=Q
Rxc8 60. Qxc8 e2 61. Qxf5+ Ka6 62. Qe5 e1=Q 63. Qxe1 e5+ 64. Qxe5 Kb6 65. Ke4
Kc6 66. Kd4 Kd7 67. Qd5+ Ke7 68. Kc5 Kf6 69. Qd6+ Kf5 70. Qe7 Kf4 71. Kd5 Kf5
72. Qe4+ Kf6 73. Qe5+ Kf7 74. Qe6+ Kg7 75. Kd6 Kf8 76. Qd7 Kg8 77. Ke6 Kf8 78.
Kf6 Kg8 79. Qg7# 1-0

[Event "Junior Online 4NCL Division 2"]
[Site "online"]
[Date "2020.09.17"]
[Round "3.32"]
[White "Anand, Dhriti"]
[Black "Shrestha, Unnabh"]
[Result "1-0"]
[WhiteElo "1495"]
[BlackElo "1084"]
[PlyCount "100"]
[EventDate "2020.09.17"]
[WhiteTeam "May The Fork Be With You 2"]
[BlackTeam "East Kilbride Knights"]

1. b3 b6 2. Bb2 Bb7 3. e3 e6 4. Nf3 Nf6 5. Be2 Be7 6. O-O O-O 7. c4 Nc6 8. d4
d5 9. cxd5 Nxd5 10. Nc3 Nxc3 11. Bxc3 Bd6 12. Qd3 h6 13. Bb2 Re8 14. Qc3 Qe7
15. d5 Ne5 16. Nxe5 Qf6 17. Nf3 Qxc3 18. Bxc3 Bxd5 19. Rac1 a5 20. Nd4 Be5 21.
Nb5 Bxc3 22. Rxc3 c6 23. Nc7 Rad8 24. Nxe8 Rxe8 25. Bc4 Rd8 26. Bxd5 cxd5 27.
h3 Kh7 28. Rc7 Kg6 29. f4 d4 30. exd4 Rxd4 31. g4 Rd2 32. f5+ Kg5 33. Rxf7 Kh4
34. fxe6 Kxh3 35. R7f2 Rd6 36. Re1 Rd3 37. Rg2 Rd8 38. e7 Re8 39. Re3+ Kh4 40.
Rf2 g5 41. Rf8 h5 42. Rxe8 a4 43. gxh5 b5 44. Re2 axb3 45. axb3 b4 46. Rc8 g4
47. Rg2 g3 48. Rc4+ Kg5 49. Rxg3+ Kf6 50. e8=Q Kf5 1-0